000 00981cad a22002415a 4500
001 E149473
008 100308s2009 xxko f 000 0 eng d
020 _a9781848061040
035 _a(Sirsi) u149473
041 0 _aeng
100 1 _aCrump, Derrick
245 0 0 _aIndoor air quality in highly energy efficient homes
_ba review
_h[electronic resource]
260 _aAmersham
_bNHBC Foundation
_c2009
490 0 _aNF
_v18
520 _aDiscusses concerns about air quality in airtight homes and looks at research carried out around the world on the subject. Also discusses mechanical ventilation systems.
521 2 _aAdvanced
651 4 _aUnited Kingdom
_y
690 _aBUILT ENVIRONMENT-CONSTRUCTION DESIGN
700 1 _aDengel, Andy
700 1 _aSwainson, Michael
856 4 0 _uhttps://nhbcfoundation.org/LinkClick.aspx?fileticket=O2KJ3j%2fSnkM%3d&tabid=339&mid=774&language=en-GB
_zView the report free of charge (PDF file) at www.nhbcfoundation.org
942 _n0
999 _c110512
_d110512